El espacio recobrado (Record no. 46420)
[ view plain ]
| 000 -LEADER | |
|---|---|
| fixed length control field | 00703nam a22001937a 4500 |
| 008 - FIXED-LENGTH DATA ELEMENTS--GENERAL INFORMATION | |
| fixed length control field | 131204t mx||||| |||| 00| 0 spa d |
| 020 ## - INTERNATIONAL STANDARD BOOK NUMBER | |
| International Standard Book Number | 9786074778250 |
| 050 04 - LIBRARY OF CONGRESS CALL NUMBER | |
| Classification number | NA9052 |
| Item number | C65 2012 |
| 111 2# - MAIN ENTRY--MEETING NAME | |
| Meeting name or jurisdiction name as entry element | Coloquio del paisaje |
| Location of meeting | Azcapotzalco, Ciudad de México |
| Date of meeting | 8 a 10 de Noviembre de 2011 |
| 245 13 - TITLE STATEMENT | |
| Title | El espacio recobrado |
| Statement of responsibility, etc | / coordinación Norma Patiño |
| 246 38 - VARYING FORM OF TITLE | |
| Title proper/short title | La trascendencia visible |
| 250 ## - EDITION STATEMENT | |
| Edition statement | 1a ed. |
| 260 ## - PUBLICATION, DISTRIBUTION, ETC. (IMPRINT) | |
| Place of publication, distribution, etc | México : |
| Name of publisher, distributor, etc | Universidad Autónoma Metropolitana-Azcapotzalco, |
| Date of publication, distribution, etc | 2012 |
| 300 ## - PHYSICAL DESCRIPTION | |
| Extent | 307 p. : |
| Other physical details | il. ; |
| Dimensions | 21 cm. |
| 650 #7 - SUBJECT ADDED ENTRY--TOPICAL TERM | |
| Source of heading or term | Lemb |
| Topical term or geographic name as entry element | Embellecimiento urbano |
| Form subdivision | Congresos |
| 650 #7 - SUBJECT ADDED ENTRY--TOPICAL TERM | |
| Source of heading or term | Lemb |
| Topical term or geographic name as entry element | Arquitectura del paisaje |
| Form subdivision | Congresos |
| 700 1# - ADDED ENTRY--PERSONAL NAME | |
| Personal name | Patiño, Norma |
| Relator term | coord. |
| 942 ## - ADDED ENTRY ELEMENTS (KOHA) | |
| Source of classification or shelving scheme | Biblioteca del Cogreso de los Estados Unidos |
| Koha item type | Libro |
| Estado de pérdida | Fuente de clasificación | Estado del daño | No para préstamo | Ubicación permanente | Ubicación actual | Apartado o colección | Fecha de adquisición | Fuente de adquisición | Área del conocimiento | Clasificación | Código de Barras | Date last seen | Número de copia | Tipo de recurso |
|---|---|---|---|---|---|---|---|---|---|---|---|---|---|---|
| Biblioteca del Cogreso de los Estados Unidos | Biblioteca de la Facultad de Arquitectura | Biblioteca de la Facultad de Arquitectura | General | 04/12/2013 | NA9052 C65 2012 | BFA000000318 | 16/01/2015 | 1 | Libro |